Biggest Municipalities in South Jersey - Statistics

General Stats
  • This quiz has been taken 8 times
  • The average score is 8 of 15
Answer Stats
Hint Answer % Correct
77,344 Camden
100%
71,045 Cherry Hill
100%
39,558 Atlantic City
86%
60,724 Vineland
86%
48,559 Washington
71%
45,538 Evesham
57%
64,634 Gloucester
57%
75,072 Brick
43%
41,864 Mount Laurel
43%
92,843 Lakewood
29%
91,239 Toms River
29%
41,255 Berkeley
14%
43,323 Egg Harbor
14%
54,856 Jackson
14%
43,070 Manchester
14%
No matching quizzes found
Score Distribution
Percent of People with Each Score
Percentile by Number Answered
Your Score History
You have not taken this quiz